000 00363cam a2200169 4500
001 D12892
008 090401t1911 xxu||||| |||| 00| 0 eng d
035 _a(Sirsi) u6533
041 _aeng
100 _aHarpur, Fred
245 _aLand drainage
260 _bEstates Gazette
_c1911
350 _a0
520 _aShelf 182
942 _n0
948 _c04/03/1997
999 _c86322
_d86322